000
00289nam a2200109Ia 4500
008
200302s9999 xx 000 0 und d
100
_a
G. M. Crook
245
_a
Institution of Civil Engineers Airports and Automation
260
_b
Thames and Hudson Ltd.
260
_c
1992
300
_a
136 P.,
999
_c
1911
_d
1911